000 00608nam a2200181Ia 4500
003 IN-BaIIA
008 211028s9999 xx 000 0 eng d
040 _cIIA Library
080 _a524.5
_bLES
110 _aObservatorie de Strasbourg
_915631
245 0 _aLes Nebuleuses Planetaries
_cObservatorie de Strasbourg
260 _aStrasbourg
_bObservatoire De Strasbourg
_c1986
300 _a111p.
490 _aComptes Rendus Sur Les Journees de Strasbourg 8 eme Reunion
650 _aAstronomy and astrophysics thesaurus
650 _aPlanetary nebulae
_95510
942 _cBK
999 _c9290
_d9290